Statistical yearbook for Asia and the pacific. (Record no. 692423)

MARC details
000 -LEADER
fixed length control field 00674nam a2200241Ia 4500
003 - CONTROL NUMBER IDENTIFIER
control field OSt
005 - DATE AND TIME OF LATEST TRANSACTION
control field 20220927105420.0
008 - FIXED-LENGTH DATA ELEMENTS--GENERAL INFORMATION
fixed length control field 220926b |||||||| |||| 00| 0 eng d
037 ## - SOURCE OF ACQUISITION
Terms of availability Reference Collections
040 ## - CATALOGING SOURCE
Original cataloging agency RTL
Transcribing agency RTL
Language of cataloging eng
041 ## - LANGUAGE CODE
Source of code eng
Language code of text/sound track or separate title eng
110 ## - MAIN ENTRY--CORPORATE NAME
Corporate name or jurisdiction name as entry element United Nations.
245 #0 - TITLE STATEMENT
Title Statistical yearbook for Asia and the pacific.
260 ## - PUBLICATION, DISTRIBUTION, ETC.
Place of publication, distribution, etc. Bangkok
Name of publisher, distributor, etc. U N
Date of publication, distribution, etc. 1981
300 ## - PHYSICAL DESCRIPTION
Extent xxx; 563p.
Dimensions cm.
700 ## - ADDED ENTRY--PERSONAL NAME
Personal name United Nations.
942 ## - ADDED ENTRY ELEMENTS (KOHA)
Classification part "n.1 N45 - N81, M1"
Koha item type
Holdings
Withdrawn status Lost status Damaged status Not for loan Home library Current library Date acquired Total Checkouts Full call number Barcode Date last seen Price effective from Koha item type
        Ratan Tata Library Ratan Tata Library 2022-09-27   "n.1 N45 - N81 M1" RT1405890 2022-09-27 2022-09-27  
Copyright @ Delhi University Library System